May need rebooting / (Record no. 254)
[ view plain ]
| 000 -LEADER | |
|---|---|
| fixed length control field | 01071nam a22002417a 4500 |
| 001 - CONTROL NUMBER | |
| control field | 254 |
| 003 - CONTROL NUMBER IDENTIFIER | |
| control field | FISKH |
| 005 - DATE AND TIME OF LATEST TRANSACTION | |
| control field | 20240306160740.0 |
| 008 - FIXED-LENGTH DATA ELEMENTS--GENERAL INFORMATION | |
| fixed length control field | 230310b cb ||||| |||| 00| 0 eng d |
| 020 ## - INTERNATIONAL STANDARD BOOK NUMBER | |
| International Standard Book Number | 9781408329498 |
| 040 ## - CATALOGING SOURCE | |
| Original cataloging agency | FISKH |
| Language of cataloging | eng |
| Transcribing agency | FISKH |
| Modifying agency | FISKH |
| 050 ## - LIBRARY OF CONGRESS CALL NUMBER | |
| Classification number | PZ7 |
| 082 ## - DEWEY DECIMAL CLASSIFICATION NUMBER | |
| Classification number | 823.92 |
| 100 ## - MAIN ENTRY--PERSONAL NAME | |
| Personal name | Meres, Jonathan |
| 245 ## - TITLE STATEMENT | |
| Title | May need rebooting / |
| Statement of responsibility, etc. | Jonathan Meres |
| 300 ## - PHYSICAL DESCRIPTION | |
| Extent | 295 pages |
| Dimensions | 20 cm |
| 490 ## - SERIES STATEMENT | |
| Series statement | The world of norm |
| Volume/sequential designation | Book 2 |
| 505 ## - FORMATTED CONTENTS NOTE | |
| Formatted contents note | H |
| 520 ## - SUMMARY, ETC. | |
| Summary, etc. | Norm knew it was going to be one of those days when he woke up and found himself in 18th century France...If only he hadn't fallen asleep in History! And if only he'd done his punishment exercise! And if only he could go biking instead of playing stupid football! Except Norm can't go biking. Why not? BECAUSE HIS BIKE'S BEEN STOLEN, THAT'S WHY! Nightmare? It's worse than that...IT'S AN ABSO-FLIPPING-LUTE DISASTER! An award-winning, laugh-out-loud series for fans of Diary of a Wimpy Kid and David Walliams. |
| 521 8# - TARGET AUDIENCE NOTE | |
| Target audience note | 470 <br/> |
| Source | Lexile |
| 521 8# - TARGET AUDIENCE NOTE | |
| Target audience note | H |
| Source | Raz-Plus |
| 942 ## - ADDED ENTRY ELEMENTS (KOHA) | |
| Source of classification or shelving scheme | Dewey Decimal Classification |
| Koha item type | Books |
| Suppress in OPAC | No |
| Withdrawn status | Lost status | Source of classification or shelving scheme | Damaged status | Not for loan | Collection | Home library | Current library | Shelving location | Date acquired | Total Checkouts | Full call number | Barcode | Date last seen | Date last checked out | Price effective from | Koha item type | Date due | Copy number |
|---|---|---|---|---|---|---|---|---|---|---|---|---|---|---|---|---|---|---|
| Dewey Decimal Classification | Juvenile Fiction | Footprints International School Library Network Toul Kork Campus | Footprints International School Library Network Toul Kork Campus | 03/10/2023 | 2 | MER 823.92 PZ7 | FISTK05293 | 11/06/2024 | 10/23/2024 | 03/10/2023 | Books | |||||||
| Dewey Decimal Classification | Juvenile Fiction | Footprints International School Library Network Toul Kork Campus | Footprints International School Library Network Toul Kork Campus | 03/10/2023 | 1 | MER 823.92 PZ7 | 2024-0266 | 03/25/2026 | 03/25/2026 | 03/10/2023 | Books | 04/08/2026 | 2 |
